Tiềm năng và định hướng phát triển du lịch sinh thái bền vững tại du lịch Gáo Giồng Tiểu luận tốt nghiệp chuyên ngành Sư phạm Địa lý

Đã lưu trong:
Sonraí Bibleagrafaíochta
Príomhúdar: Lê, Thị Mỹ Thiện
Údair Eile: Phùng, Thái Dương (Hướng dẫn)
Formáid: Trealamh Leabhar
Teanga:Vietnamese
Foilsithe: Đồng Tháp Đại học Đồng Tháp 2020
Ábhair:
Clibeanna: Cuir Clib Leis
Gan Chlibeanna, Bí ar an gcéad duine leis an taifead seo a chlibeáil!
Thư viện lưu trữ: Trung tâm Học liệu Lê Vũ Hùng, Trường Đại học Đồng Tháp
LEADER 01239npm a22002778a 4500
001 00045676
008 190708s2019####-vm#################vie|d
005 20200810160818.0
041 0 # |a vie 
082 1 4 |b T304N  |a 338.409 597 89 
100 0 # |a Lê, Thị Mỹ Thiện 
245 0 0 |a Tiềm năng và định hướng phát triển du lịch sinh thái bền vững tại du lịch Gáo Giồng  |b Tiểu luận tốt nghiệp chuyên ngành Sư phạm Địa lý  |c Lê Thị Mỹ Thiện; Phùng Thái Dương (hướng dẫn) 
260 # # |a Đồng Tháp  |b Đại học Đồng Tháp  |c 2020 
300 # # |a 39 tr.  |b hình ảnh  |c 29 cm 
500 # # |a ĐTTS ghi: Trường Đại học Đồng Tháp. Khoa Sư phạm Sử - Địa và GDCT. Bộ môn Địa lý 
653 # # |a Du lịch sinh thái 
653 # # |a Đồng Tháp 
653 # # |a Tiểu luận tốt nghiệp 
653 # # |a Gáo Giồng 
653 # # |a Phát triển 
653 # # |a Tiềm năng 
700 0 # |a Phùng, Thái Dương  |e Hướng dẫn 
852 # # |j TL.0000050 
910 0 # |d 10/8/2020 
980 # # |a Trung tâm Học liệu Lê Vũ Hùng, Trường Đại học Đồng Tháp